• 首页
  • 本馆介绍
  • 公告通知
  • 最新文献
  • 馆藏检索
  • 电子资源
  • 读者导购
  • 参考咨询
  • 我的图书馆
  • 登录
  • 详细信息显示
  • 放入我的书架
  • 预约/预借图书
  • 作者相关作品
  • 分类相关作品
  • 丛书相关作品
  • 出版社相关作品

书目信息

  • 表格格式
  • 工作单格式
  • 卡片格式
题名:
中医大家与中医著作
    
 
作者: 徐潜 主编 ;冯晶 , 魏晓光 编著
分册:  
出版信息: 长春   吉林文史出版社  2018重印
页数: 204页
开本: 24cm
丛书名: 神奇的中医与中药
单 册:
中图分类: K826.2=2 , R22
科图分类:
主题词: 中医学--Zhong Yi Xue--医学家--生平事迹--中国--古代 , 中国医药学--Zhong Guo Yi Yao Xue--著作--介绍
电子资源:
ISBN: 978-7-5472-1557-9
000 01249nam 2200313 45
001 012001009794
005 20140103170335.0
010    @a978-7-5472-1557-9@dCNY33.80
099    @aCAL 012014051606
100    @a20140430d2014 ekmy0chiy50 ea
101 0  @achi
102    @aCN@b220000
105    @aah z 000yd
106    @ar
200 1  @a中医大家与中医著作@AZhong Yi Da Jia Yu Zhong Yi Zhu Zuo@f徐潜主编@g冯晶, 魏晓光编著
210    @a长春@c吉林文史出版社@d2018重印
215    @a204页@c图, 摹真@d24cm
225 2  @a神奇的中医与中药@AShen Qi De Zhong Yi Yu Zhong Yao
330    @a中医产生于原始社会,春秋战国中医理论已经基本形成,出现了解剖和医学分科,已经采用“四诊”,华佗则以精通外科手术和麻醉名闻天下,还创立了健身体操“五禽戏”。唐代孙思邈总结前人的理论并总结经验,收集5000多个药方,并采用辨证治疗,因医德最高,被人尊为“药王”。
410  0 @12001 @a神奇的中医与中药
606 0  @a中医学@AZhong Yi Xue@x医学家@x生平事迹@y中国@z古代
606 0  @a中国医药学@AZhong Guo Yi Yao Xue@x著作@x介绍
690    @aK826.2=2@v5
690    @aR22@v5
701  0 @a徐潜@AXu Qian@4主编
702  0 @a冯晶@AFeng Jing@4编著
702  0 @a魏晓光@AWei Xiao Guang@4编著
801  2 @aCN@b上海新华@c20191020
905    @b1189514-7@dK826.2=2@e118@f4
    
    中医大家与中医著作/徐潜主编/冯晶, 魏晓光编著.-长春:吉林文史出版社,2018重印
    204页:图, 摹真;24cm.-(神奇的中医与中药)
    
    
    ISBN 978-7-5472-1557-9:CNY33.80
    中医产生于原始社会,春秋战国中医理论已经基本形成,出现了解剖和医学分科,已经采用“四诊”,华佗则以精通外科手术和麻醉名闻天下,还创立了健身体操“五禽戏”。唐代孙思邈总结前人的理论并总结经验,收集5000多个药方,并采用辨证治疗,因医德最高,被人尊为“药王”。
●
相关链接 在E读中查询图书 在五车中查询图书 在当当中查询图书 在豆瓣中查询图书


正题名:中医大家与中医著作     索取号:K826.2=2/118         预约/预借

序号 登录号 条形码 馆藏地/架位号 状态 备注
1 1189514   211895145   第二样本阅览室/ [索取号:K826.2=2/118] 在馆    
2 1189515   211895154   第二借阅区/ [索取号:K826.2=2/118] 在馆    
3 1189516   211895163   第二借阅区/ [索取号:K826.2=2/118] 在馆    
4 1189517   211895172   第二借阅区/ [索取号:K826.2=2/118] 在馆    
唐山师范学院图书馆 欢迎您!
大连网信软件有限公司© 版权所有